- Wacher, Mette Marie
Entry Nombre Personal
001 - NUMERO DE CONTROL
- campo de control: 50056
003 - IDENTIFICADOR DE NUMERO DE CONTROL
- campo de control: DLC
005 - FECHA Y HORA DE LA ÜLTIMA TRANSACCIÓN
- campo de control: 20230922141458.0
008 - DATOS DE LONGITUD FIJA
- campo de control de longitud fija: 060904n| azannaabn |a aaa
010 ## - NÚMERO DE CONTROL DE LA BIBLIOTECA DEL CONGRESO
- Número de control LC: nb2006019507
- Número de Control LC Cancelado/inválido: no2014098971
035 ## - NUMERO DE CONTROL
- Número de control: (OCoLC)oca07042468
040 ## - FUENTE DE CATALOGACIÓN
- Agencia original de catalogación: Uk
- Lenguaje de catalogación: spa
- Description conventions: rda
- Agencia de transcripción: Uk
- Agencia que lo modifica: AzPhBJB
- Agencia que lo modifica: DLC
- Agencia que lo modifica: MX-MxUPN
100 1# - ENCABEZAMIENTO - NOMBRE PERSONAL
- Nombre personal: Wacher, Mette Marie
371 ## - DIRECCIÓN
- Electronic mail address: metter_wacher@inah.gob.mx
372 ## - CAMPO DE ACTIVIDAD
- Field of activity: Indígenas de México -- Ciudad de México
- Field of activity: Antropología -- México -- Historia
373 ## - GRUPO ASOCIADO
- Associated group: Instituto Nacional de Antropología e Historia (México)
- Fuente del término: naf
374 ## - OCUPACIÓN
- Occupation: Profesora universitaria
- Occupation: Investigadora
- Occupation: Antropóloga
377 ## - LENGUA ASOCIADA
- Language code: spa
400 1# - VEÁSE - NOMBRE DE PERSONA
- Personal name: Wacher Rodarte, Mette Marie
670 ## - FUENTE EN LA QUE SE LOCALIZARON DATOS
- Cita de la fuente: Alarifes, amanuenses y evangelistas, 2004:
- Información localizada: portada (Mette Marie Wacher)
670 ## - FUENTE EN LA QUE SE LOCALIZARON DATOS
- Cita de la fuente: Nahuas de Milpa Alta, 2006:
- Información localizada: portada (Mette Marie Wacher Rodarte) página 2 (candidata a maestra en ciencias antropológicas, Universidad Nacional Autónoma de México)
670 ## - FUENTE EN LA QUE SE LOCALIZARON DATOS
- Cita de la fuente: Wacher Rodarte, Mette Marie. Los pueblos de Milpa Alta, 2013:
- Información localizada: portada (Mette Marie Wacher Rodarte)
670 ## - FUENTE EN LA QUE SE LOCALIZARON DATOS
- Cita de la fuente: Los cimientos académicos del INAH : jornada conmemorativa del 80o aniversario del INAH, 2023:
- Información localizada: portada (Mette Marie Wacher Rodarte) páginas 143 (Mette Marie Wacher Rodarte; antropóloga social por la ENAH y maestra en Ciencias antropológicas por la UNAM; profesora-investigadora de la DEAS; líneas de investigación: pueblos originarios de la Ciudad de México e historia de la antropología mexicana; correo electrónico: metter_wacher@inah.gob.mx)
902 ## - CATALOGADOR
- Catalogador: Víctor Ruiz/220923
